000 00746nam a22002297a 4500
999 _c65657
_d65657
005 20240530110836.0
008 191111s2001 ua f 000 0 ara d
017 _a2001/11466
_bمصر. دار الكتب
020 _a9770173207
040 _aEG-CaGPL
_cEG-CaGPL
082 0 4 _221
_a270.962
_bق/ر ا
100 0 _aرجب البنا
245 1 2 _aالاقباط فى مصر والمهجر/
_cرجب البنا
250 _aط.1
260 _aالقاهرة :
_bالهيئة المصرية العامة للكتاب،
_c2001
300 _a382 ص. :
_bايض. ؛
_c24 سم .
650 0 7 _2qrmak
_aالكنائس
_zمصر
650 0 7 _aالكنائس
_zمصر
651 _2qrmak
942 _2ddc
_cBK